| 000 | 01981nam a2200361 4500 | ||
|---|---|---|---|
| 001 | 0000023743 | ||
| 003 | CO-CtgCURN | ||
| 005 | 20250331185221.0 | ||
| 007 | ta | ||
| 008 | 160627s2011 000 0 eng d | ||
| 020 | _a9786071505521 | ||
| 040 |
_aCO-CtgCURN _bspa _ccoctgcurn |
||
| 082 | 0 |
_a617 _bM357 |
|
| 100 | 1 | _aMarquez Martin, Rodolfo. | |
| 245 | 1 | 0 |
_aCirugia general para el medico general / _cRodolfo Marquez Martin, Gerardo Enrique Muñoz Maldonado. |
| 250 | _a2a ed. | ||
| 260 |
_aMexico : _bMcGraw-Hill, _c2011. |
||
| 300 | _aix, 270 p. | ||
| 336 | _2rdacontent | ||
| 337 |
_2rdamedia _asin mediacion _bn |
||
| 338 |
_2rdacarrier _avolumen _bnc |
||
| 504 | _aIncluye bibliografias. | ||
| 505 | 8 | _aPrincipios eticos del cirujano -- Historia de la cirugia -- Evaluacion quirurgica perioperatoria -- Anestesiología -- El quirofano -- Instrumental quirurgico -- Materiales y tecnicas de sutura -- Instrumental quirurgico y procedimientos basicos en cirugia laparoscopica -- Esterilizacion, desinfección y antisepsia -- Tratamiento de las heridas -- Infectología para el cirujano -- Sondas, canalizaciones y drenajes -- Anatomía patologica -- La citología en la practica clinica -- Accesos vasculares -- Tratamiento intravenoso -- Procedimientos quirurgicos especiales -- Manejo de los estomas -- Principios de oncología para el cirujano - Evaluacion clinica de la patología de la glandula mamaria -- Radiología -- Componentes sanguineos y su uso en cirugia -- Reanimacion cardiopulmonar basica | |
| 650 | 1 | 4 | _aCirugia. |
| 700 | 1 | _aMuñoz Maldonado, Gerardo Enrique. | |
| 908 | _a160627 | ||
| 942 |
_cBK _h617 _iM357 _2ddc |
||
| 999 |
_c23105 _d23105 |
||